00497nam a22001697a 4500003000400000005001700004008004100021020002200062040002900084050002400113100002100137245005000158260003200208300003200240650001900272650003600291OSt20260702114927.0260702b |||||||| |||| 00| 0 eng d a978-1-932594-52-2 cChuka University Library aLB 1060 b.N48 2009 aHardiman Mariale aNeiroeducation:learning , arts, and the brain aDana press bNew Yorkc2009 a109bColoured illustrations aNeuroeducation aEducational psychology learning